Legal cases, new religious movements, and minority faiths

Gespeichert in:
Bibliographische Detailangaben
Hauptverfasser: Richardson, James T (VerfasserIn), Bellanger, Francois (VerfasserIn)
Format: Buch
Sprache:Englisch
Veröffentlicht: Farnham Ashgate Publishing Limited 2014
Ausgabe:1a. ed
Schriftenreihe:Ashgate Inform Series on Minority Religions and Spiritual Movements
Schlagworte:
Tags: Tag hinzufügen
Keine Tags, Fügen Sie den ersten Tag hinzu!

MARC

LEADER 00000cam a2200000 a 4500
001 UCC6782
003 CL-VaPUC
008 190111e20140000uk |||||||||||||||||eng|d
020 |a 9781472428745 
082 0 4 |a 344.096  |b RIC  |2 21 
100 0 |a Richardson, James T  |e author  |9 601273 
700 0 |a Bellanger, Francois  |e author  |9 601274 
245 1 0 |a Legal cases, new religious movements, and minority faiths 
250 |a 1a. ed 
300 |a 278 p 
942 |c BK 
945 |d 20190111 14:04:00  |a dcastane 
260 |a Farnham  |b Ashgate Publishing Limited  |c 2014 
650 7 |a MINORIAS RELIGIOSAS  |2 CL-VaPUC  |9 601275 
650 7 |a MOVIMIENTOS RELIGIOSOS  |2 CL-VaPUC  |9 346572 
650 0 |a Iglesia y Estado  |9 254995 
650 7 |a LIBERTAD DE RELIGION  |2 CL-VaPUC  |9 478297 
583 |a last modification  |c 20190111 14:04:00  |k Rodrigo Vera 
490 0 |a Ashgate Inform Series on Minority Religions and Spiritual Movements 
999 |c 373638  |d 373636 
952 |0 0  |1 0  |3 erd  |4 0  |6 344_096000000000000_RIC_2014  |7 0  |8 A  |9 491832  |a BIBDER  |b BIBDER  |i 5528003  |o 344.096 RIC 2014  |p 5528003  |r 2023-01-25  |w 2019-11-24  |y BK  |z Catalogado en:20190111  |k DER